| 000 | 00393nam a2200121 4500 | ||
|---|---|---|---|
| 999 |
_c13674 _d13674 |
||
| 008 | 190401b ||||| |||| 00| 0 eng d | ||
| 100 |
_938048 _aAgcaoili, Lawrence |
||
| 245 |
_aS&P: no need to push panic button on emerging markets/ _cLawrence Agcaoili |
||
| 260 |
_aPhilippines: _bThe Philippine Star; _cc2018. |
||
| 300 | _apage B5. | ||
| 650 | 0 |
_938051 _aEconomic conditions. |
|
| 942 |
_2ddc _cPER |
||